Statistiques concernant Capitales contenant plus de trois mots

Cliquez ici pour prendre le quiz!

Statistiques générales

  • Ce quiz a été pris 76 fois
  • Le résultat moyen est 3 sur 8

Statistiques - réponses

Capitales% Correct
Bandar Seri Begawan
65%
Port-au-Prince
59%
Andorre-la-Vieille
58%
Port-d'Espagne
52%
Sri Jayawardenapura Kotte
33%
Delap-Uliga-Darrit
5%
Tel Aviv-Jaffa
5%
Cité du Vatican
3%

Distribution des résultats

Percentile par nombre de réponses

% des personnes avec chaque résultat

Votre développement - résultats

Vous n’avez pas pris ce quiz